000 00729nam a2200253Ia 4500
003 OSt
005 20220918165722.0
006 a|||||r|||| 00| 0
007 ta
008 220917b |||||||| |||| 00| 0 eng d
020 _a8170510471 (hb)
024 _a230,794
037 _cTextual
040 _aARTS
_cARTS
_beng
041 _2eng
_aeng
082 _aQ29M2vN3, L9;N6
100 _aKopf David
_925290
245 0 _aBrahmo Samaj and the shaping of the modern Indian mind
260 _aNew Delhi
_bAtlantic Publishers & Distributors
_c1996
300 _axxiii, 399p. (Index + references)
_ccm.
650 _aRELIGION
942 _hQ29M2vN3, L9;N6
_cTEXL
_2CC
999 _c130851
_d130851